Thinking of C++ (Record no. 202208)
[ view plain ]
| 000 -LEADER | |
|---|---|
| fixed length control field | 00365nam a2200157Ia 4500 |
| 008 - FIXED-LENGTH DATA ELEMENTS--GENERAL INFORMATION | |
| fixed length control field | 231221s9999 xx 000 0 und d |
| 041 ## - LANGUAGE CODE | |
| Language code of text/sound track or separate title | English |
| 082 ## - DEWEY DECIMAL CLASSIFICATION NUMBER | |
| Classification number | 001.6424C ECK;2 |
| 100 ## - MAIN ENTRY--PERSONAL NAME | |
| Personal name | Eckel, Bruce |
| 245 #0 - TITLE STATEMENT | |
| Title | Thinking of C++ |
| 250 ## - EDITION STATEMENT | |
| Edition statement | 2nd ed. |
| 260 ## - PUBLICATION, DISTRIBUTION, ETC. | |
| Date of publication, distribution, etc. | 2001 |
| Name of publisher, distributor, etc. | New Delhi : Pearson Education, |
| 300 ## - PHYSICAL DESCRIPTION | |
| Extent | 814 |
| 650 ## - SUBJECT ADDED ENTRY--TOPICAL TERM | |
| Topical term or geographic name entry element | C++ |
| 942 ## - ADDED ENTRY ELEMENTS (KOHA) | |
| Koha item type | Compact Disks |
| Date last seen | Total checkouts | Full call number | Accession number | Price effective from | Category | Lost status | Damaged status | Department | Withdrawn status | Home library | Current library | Entry date | Vendor | Grants | Billnumber | Billdate | Currency symbol | Conversion rate | Discount | Old discount |
|---|---|---|---|---|---|---|---|---|---|---|---|---|---|---|---|---|---|---|---|---|
| 26/01/2024 | 001.6424C ECK;2 | CD410 | 26/01/2024 | Compact Disks | Central Library | Central Library | Central Library | Sai Books | CS | 1131 | 10/08/2009 | RS | 1 | |||||||
| 26/01/2024 | 001.6424C ECK;3 | CD411 | 26/01/2024 | Compact Disks | Central Library | Central Library | Central Library | Sai Books | CS | 1131 | 10/08/2009 | RS | 1 | |||||||
| 26/01/2024 | 001.6424C ECK;4 | CD412 | 26/01/2024 | Compact Disks | Central Library | Central Library | Central Library | Sai Books | CS | 1131 | 10/08/2009 | RS | 1 | |||||||
| 26/01/2024 | 001.6424C ECK;5 | CD413 | 26/01/2024 | Compact Disks | Central Library | Central Library | Central Library | Sai Books | CS | 1131 | 10/08/2009 | RS | 1 |
